Indigenous peoples and the law : comparative and critical perspectives /
"Indigenous Peoples and the Law provides an historical, comparative and contextual analysis of various legal and policy issues affecting Indigenous peoples. It focuses on the common law jurisdictions of Australia, Canada, New Zealand and the United States, as well as relevant international law...
Saved in:
| Other Authors: | , , , |
|---|---|
| Format: | Book |
| Language: | English |
| Published: |
Oxford ; Portland, Or. :
Hart,
2009.
|
| Series: | Osgoode readers.
|
| Subjects: | |
| Tags: |
Add Tag
No Tags, Be the first to tag this record!
|
| LEADER | 04317cam a22003614a 4500 | ||
|---|---|---|---|
| 001 | 011959936-8 | ||
| 005 | 20100212152724.0 | ||
| 008 | 091103s2009 enkb b 001 0 eng c | ||
| 010 | |a 2009419668 | ||
| 020 | |a 9781841137957 (pbk.) | ||
| 020 | |a 1841137952 (pbk.) | ||
| 035 | 0 | |a ocn298782276 | |
| 040 | |a BTCTA |c BTCTA |d YDXCP |d BWK |d WCL |d BWX |d CGU |d OWT |d TOZ |d DLC | ||
| 042 | |a pcc | ||
| 044 | |a enk |a oru | ||
| 050 | 0 | 0 | |a K3247 |b .I524 2009 |
| 245 | 0 | 0 | |a Indigenous peoples and the law : |b comparative and critical perspectives / |c edited by Benjamin J. Richardson, Shin Imai and Kent McNeil. |
| 260 | |a Oxford ; |a Portland, Or. : |b Hart, |c 2009. | ||
| 300 | |a xiii, 432 p. : |b 1 map ; |c 24 cm. | ||
| 490 | 1 | |a Osgoode readers | |
| 504 | |a Includes bibliographical references and index. | ||
| 505 | 0 | 0 | |t Indigenous peoples and the law : historical, comparative and contextual issues / |r Benjamin J. Richardson, Shin Imai and Kent McNeil -- |t Promise and paradox : the emergence of indigenous rights law in Canada / |r Mark D. Walters -- |t Dyadic character of US Indian law / |r Benjamin J. Richardson -- |t Australia : the white house with lovely dot paintings whose inhabitants have 'moved on' from history? / |r Jennifer Clarke -- |t Māori encounter with Aotearoa : New Zealand's legal system / |r Jacinta Ruru -- |t The Inter-American System and the rights of indigenous peoples : human rights and the realist model / |r James Hopkins -- |t Indigenous peoples and international law and policy / |r Claire Charters -- |t Indigenous legal theory : some initial considerations / |r Gordon Christie -- |t Aboriginal discourse : gender, identity and community / |r Val Napoleon -- |t Judicial treatment of indigenous land rights in the common law world / |r Kent McNeil -- |t Indigenous self-determination and the state / |r Shin Imai -- |t Law of the land : recognition and resurgence in indigenous law and justice systems / |r Christine Zuni Cruz -- |t The ties that bind : indigenous peoples and environmental governance / |r Benjamin J. Richardson -- |t ADR processes and indigenous rights : a comparative analysis of Australia, Canada and New Zealand / |r Michael Coyle -- |t Physical philosophy : mobility and the future of indigenous rights / |r John Borrows. |
| 520 | |a "Indigenous Peoples and the Law provides an historical, comparative and contextual analysis of various legal and policy issues affecting Indigenous peoples. It focuses on the common law jurisdictions of Australia, Canada, New Zealand and the United States, as well as relevant international law developments. Edited by Benjamin J Richardson, Shin Imai, and Kent McNeil, this collection of new essays features 13 contributors including many Indigenous scholars, drawn from around the world. The book provides a pithy overview of the subject-matter, enabling readers to appreciate the seminal issues, precedents and international legal trends of most concern to Indigenous peoples. | ||
| 520 | |a The first half of Indigenous Peoples and the Law takes an historical perspective of the principal jurisdictions, canvassing, in particular, themes of Indigenous sovereignty, status and identity, and the movement for Indigenous self-determination. It also examines these issues in an international context, including the Inter-American human rights regime and the 2007 UN Declaration on the Rights of Indigenous Peoples. The second part of the book canvasses some contemporary issues and claims of Indigenous peoples, including land rights, mobility rights, community self-governance, environmental governance, alternative dispute resolution processes, the legal status of Aboriginal women and the place of Indigenous legal traditions and legal theory. | ||
| 520 | |a Although an introductory volume designed primarily for readers without advanced understanding of Indigenous legal issues, Indigenous Peoples and the Law should also appeal to seasoned scholars, policy-makers, lawyers and others who are knowledgeable of such issues in their own jurisdiction and wish to learn more about developments in other places."--Pub. desc. | ||
| 650 | 0 | |a Indigenous peoples |x Legal status, laws, etc. | |
| 700 | 1 | |a Richardson, Benjamin J. | |
| 700 | 1 | |a Imai, Shin. | |
| 700 | 1 | |a McNeil, Kent, |d 1945- | |
| 700 | 1 | |a Imai, Shin |c (Law professor) | |
| 830 | 0 | |a Osgoode readers. | |
| 988 | |a 20090501 | ||
| 906 | |0 OCLC | ||


